01332 2200301 4500001002100000005001500021035002000036090000900056020002200065100003100087650003600118245012900154264002400283008004100307082001100348084002000359260004700379300002500426520044300451990001800894990001800912990001600930990001600946990001600962990001800978990001800996990001601014INLIS00000000003171520221109084650 a0010-0619031715 20.71 a978-602-5790-06-50 aSafitri Karnadiepengarang 4aBiografi Tokoh Khusus Laki-laki1 aKisah sukses inspiratif tokoh terkenal dunia :bpasti kita bisa seperti mereka /cSafitri Karnadi; penyunting, Tim Hiputindo ijaz Pustaka Mandiri221109 g 0 ind  a920.71 aSR 920.71 SAF k aYogyakarta :bHijaz Pustaka Mandiri,c2022 a200 halaman ;c21 cm asukses itu ibarat sebuah puncak. anda harus menaiki sebuah tangga yang menuju ke atas. anda tidak bisa tiba-tiba berada di atas tanpa berusaha menjejak satu persatu anak tangga. pendakian tangga sukses itu bukanlah usaha yang mudah, melainkan penuh aral, sulit, licin, dan curam. dan untuk bisa berhasil menaiki anak tangga kesuksesan itu, anda membutuhkan kerja keras, optimisme, kegigihan, dan segala hal yang dibutuhkan untuk bertahan. a036466.043565 a036466.043566 a50161.62981 a50162.62982 a50162.62982 a036466.043565 a036466.043566 a50161.62981